A study on the role of PACS in ensuring access to institutional credit to rural women through SHGs in Tamil Nadu / (Record no. 27107)

MARC details
000 -LEADER
fixed length control field 00543nam a2200145Ia 4500
041 ## - LANGUAGE CODE
Language code of text/sound track or separate title English
082 ## - DEWEY DECIMAL CLASSIFICATION NUMBER
Classification number RR.0298
100 ## - MAIN ENTRY--AUTHOR NAME
Personal name Ravichandran, K.
Affiliation The Gandhigram Rural Institute
245 #2 - TITLE STATEMENT
Title A study on the role of PACS in ensuring access to institutional credit to rural women through SHGs in Tamil Nadu /
Statement of responsibility, etc K. Ravichandran
260 ## - PUBLICATION, DISTRIBUTION, ETC. (IMPRINT)
Place of publication New Delhi :
Name of publisher/Sponsor Indian Council of Social Science Research,
Year of publication 2017
300 ## - PHYSICAL DESCRIPTION
Number of Pages v.p. ;
650 ## - SUBJECT ADDED ENTRY--TOPICAL TERM
Topical Term Institutional credit to rural women
Geographic subdivision India
-- Tamil Nadu
650 ## - SUBJECT ADDED ENTRY--TOPICAL TERM
Topical Term Role of PACS
942 ## - ADDED ENTRY ELEMENTS (KOHA)
Source of classification or shelving scheme Dewey Decimal Classification
Koha item type Books
Holdings
Withdrawn status Lost status Damaged status Not for loan Collection code Home library Current library Date acquired Source of acquisition Full call number Accession Number Price effective from Koha item type
      Not For Loan ICSSR Research Project Reports NASSDOC Library NASSDOC Library 24/11/2021 Gifted by: RP Division ICSSR RR.0298 51739 21/12/2021 Research Reports